Mafia e dintorni
| Main Author: | |
|---|---|
| Format: | Print Book |
| Language: | Italian |
| Published: |
Caltanissetta
Terzo Millennio Ed.
2001
|
| In: |
Segmenti sociali (3)
Year: 2001 |
| Availability in Tübingen: | Present in Tübingen. UB: KB 8 E 9443 |
| Check availability: | HBZ Gateway |
| Subito Delivery Service: | Order now. |
| Keywords: |
MARC
| LEADER | 00000cam a2200000 c 4500 | ||
|---|---|---|---|
| 001 | 1169206883 | ||
| 003 | DE-627 | ||
| 005 | 20251225182013.0 | ||
| 007 | tu | ||
| 008 | 020607s2001 xx ||||| 00| ||ita c | ||
| 020 | |a 8884360188 |9 88-8436-018-8 | ||
| 024 | 8 | |a CASA.0111.1352 |q Sonstige Nr. | |
| 035 | |a (DE-627)1169206883 | ||
| 035 | |a (DE-576)099206889 | ||
| 035 | |a (DE-599)BSZ099206889 | ||
| 035 | |a (OCoLC)48361105 | ||
| 035 | |a (ZDB-21-EIL)01681389 | ||
| 040 | |a DE-627 |b ger |c DE-627 |e rakwb | ||
| 041 | |a ita | ||
| 050 | 0 | |a aHV | |
| 050 | 0 | |a HV6453.I83 | |
| 082 | 0 | |a 364 | |
| 082 | 0 | |a 361.1/06/097309045 | |
| 082 | 0 | |a 361.106097309045 | |
| 100 | 1 | |a Zingales, Leone |4 aut | |
| 245 | 1 | 0 | |a Mafia e dintorni |c Leone Zingales |
| 263 | |a L22000 | ||
| 264 | 1 | |a Caltanissetta |b Terzo Millennio Ed. |c 2001 | |
| 300 | |a 239 S. |b Ill. |c 20 cm | ||
| 336 | |a Text |b txt |2 rdacontent | ||
| 337 | |a ohne Hilfsmittel zu benutzen |b n |2 rdamedia | ||
| 338 | |a Band |b nc |2 rdacarrier | ||
| 490 | 1 | |a Segmenti sociali |v 3 | |
| 500 | |a Collected articles | ||
| 583 | 1 | |a Archivierung prüfen |c 20200919 |f DE-640 |z 1 |2 pdager | |
| 650 | 0 | |a Mafia |x History |x 20th century |x Italy | |
| 830 | 0 | |a Segmenti sociali |v 3 |9 3 |w (DE-627)1167908694 |w (DE-576)09790869X |7 am | |
| 951 | |a BO | ||
| ELC | |b 1 | ||
| LOK | |0 000 xxxxxcx a22 zn 4500 | ||
| LOK | |0 001 2412571880 | ||
| LOK | |0 003 DE-627 | ||
| LOK | |0 004 1169206883 | ||
| LOK | |0 005 20020607000000 | ||
| LOK | |0 008 020607||||||||||||||||ger||||||| | ||
| LOK | |0 040 |a DE-21 |c DE-627 |d DE-21 | ||
| LOK | |0 852 |a DE-21 | ||
| LOK | |0 852 1 |c KB 8 E 9443 |9 00 | ||
| LOK | |0 935 |a krim | ||
| LOK | |0 936ln |a k11.3.2 | ||
| LOK | |0 939 |a 07-06-02 |b l01 | ||
| ORI | |a SA-MARC-krimdoka001.raw | ||
| SIG | |a UB: KB 8 E 9443 | ||
